| Tag |
First Indicator |
Second Indicator |
Subfields |
| LEADER |
00000cam a2200000Ma 4500 |
| 001 |
in00002781444 |
| 006 |
m o d |
| 007 |
cr cn||||||||| |
| 008 |
120820s2012 mau ob 001 0 eng d |
| 005 |
20250816210139.1 |
| 010 |
|
|
|z 2012935312
|
| 020 |
|
|
|z 9781781000205 (hardcover)
|
| 020 |
|
|
|z 9781781953594 (e-book)
|
| 035 |
|
|
|a (OCoLC)ocn808340739
|
| 035 |
|
|
|a (NhCcYBP)ebr10583633
|
| 035 |
|
|
|a (OCoLC)808340739
|
| 040 |
|
|
|a E7B
|c E7B
|d OCLCO
|d TXA
|d UtOrBLW
|
| 049 |
|
|
|a TXAM
|
| 050 |
1 |
4 |
|a HD45
|b .S65 2012eb
|
| 100 |
1 |
|
|a Spithoven, André.
|
| 245 |
1 |
0 |
|a Managing open innovation :
|b connecting the firm to external knowledge /
|c André Spithoven, Peter Teirlinck, Dirk Frantzen.
|
| 264 |
|
1 |
|a Northampton, Mass. :
|b Edward Elgar Pub.,
|c 2012.
|
| 300 |
|
|
|a 1 online resource (xxi, 327 pages)
|
| 336 |
|
|
|a text
|b txt
|2 rdacontent
|
| 337 |
|
|
|a computer
|b c
|2 rdamedia
|
| 338 |
|
|
|a online resource
|b cr
|2 rdacarrier
|
| 500 |
|
|
|a Description based on print version record.
|
| 504 |
|
|
|a Includes bibliographical references and index.
|
| 505 |
0 |
|
|a Pt. 1. Firms react differently when managing open innovation -- pt. 2. Open innovation and public funding practices -- pt. 3. A closer look at open innovation : R&D outsourcing -- pt. 4. The role of human resources in open innovation practices.
|
| 500 |
|
|
|a Electronic resource.
|
| 650 |
|
0 |
|a Technological innovations
|x Management.
|
| 650 |
|
0 |
|a Organizational change
|x Management.
|
| 650 |
|
0 |
|a Diffusion of innovations.
|
| 650 |
|
0 |
|a Industrial management.
|
| 655 |
|
7 |
|a Electronic books.
|2 local
|
| 700 |
1 |
|
|a Teirlnck, Peter.
|
| 700 |
1 |
|
|a Frantzen, Dirk.
|
| 710 |
2 |
|
|a ebrary, Inc.
|
| 856 |
4 |
0 |
|u https://ebookcentral.proquest.com/lib/tamucs/detail.action?docID=981474
|y Connect to the full text of this electronic book
|t 0
|
| 948 |
|
|
|a cataloged
|b h
|c 2012/11/15
|d c
|e agaffey
|f 5:03:10 pm
|
| 994 |
|
|
|a C0
|b TXA
|
| 999 |
f |
f |
|s 0a75a026-26cd-3254-a7b4-611f45caffde
|i d58523ed-7910-3718-bd66-0a3387f0f798
|t 0
|
| 999 |
|
|
|a MARS
|
| 952 |
f |
f |
|a Texas A&M University
|b College Station
|c Electronic Resources
|d Available Online
|t 0
|e HD45 .S65 2012eb
|h Library of Congress classification
|
| 998 |
f |
f |
|a HD45 .S65 2012eb
|t 0
|l Available Online
|